• 首页
  • 本馆介绍
  • 公告通知
  • 最新文献
  • 馆藏检索
  • 电子资源
  • 读者荐购
  • 参考咨询
  • CALIS
  • 我的图书馆
  • 登录
  • 详细信息显示
  • 放入我的书架
  • 预约/预借图书
  • 作者相关作品
  • 分类相关作品
  • 丛书相关作品
  • 出版社相关作品

书目信息

  • 表格格式
  • 工作单格式
  • 卡片格式
题名:
不生病的生活方式
    
 
作者: 纪康宝 主编
分册:  
出版信息: 北京   中国时代经济出版社  2008.01
页数: 224页
开本: 24cm
丛书名:
单 册:
中图分类: R163
科图分类:
主题词: 生活方式--sheng huo fang shi--关系--健康
电子资源:
ISBN: 978-7-80221-499-6
 
 
 
 
 
000 01011nam0 2200241 450
001 012008227501
005 20080508173443.01
010    @a978-7-80221-499-6@dCNY29.80
100    @a20080508d2008 em y0chiy0120 ea
101 0  @achi
102    @aCN@b110000
105    @ay z 000yy
106    @ar
200 1  @a不生病的生活方式@Abu sheng bing de sheng huo fang shi@e养生精华全集@f纪康宝主编@Fji kang bao zhu bian
210    @a北京@c中国时代经济出版社@d2008.01
215    @a224页@d24cm
330    @a本书从食物养生、经络养生、中医养生、中药养生、运动养生、睡眠养生、四时养生、情绪养生、日常养生、环境养生、排毒养生十一个方面,向人们全面阐述了健康的真相,告诉人们哪些生活方式是正确的,哪些生活方式是错误的。全书内容通俗易懂、言简意赅、科学实用,是一本难得的家庭保健书。
517 1  @a养生精华全集@Ayang sheng jing hua quan ji
606 0  @a生活方式@Asheng huo fang shi@x关系@x健康
690    @aR163@v4
701  0 @a纪康宝@Aji kang bao@4主编
801  0 @aCN@bQSSK@c20080508
905    @b707507-09@dR163@eJ134@f3
    
    不生病的生活方式:养生精华全集/纪康宝主编.-北京:中国时代经济出版社,2008.01
    224页;24cm
    
    
    ISBN 978-7-80221-499-6:CNY29.80
    本书从食物养生、经络养生、中医养生、中药养生、运动养生、睡眠养生、四时养生、情绪养生、日常养生、环境养生、排毒养生十一个方面,向人们全面阐述了健康的真相,告诉人们哪些生活方式是正确的,哪些生活方式是错误的。全书内容通俗易懂、言简意赅、科学实用,是一本难得的家庭保健书。
●
相关链接 在E读中查询图书 在当当中查询图书 在豆瓣中查询图书


正题名:不生病的生活方式     索取号:R163/J134         预约/预借

序号 登录号 条形码 馆藏地/架位号 状态 备注
1 707507   207075074   自科库401/401自科库 6排4列2层/ [索取号:R163/J134] 在馆    
2 707508   207075083   自科库401/401自科库 6排4列2层/ [索取号:R163/J134] 在馆    
3 707509   207075092   自科库401/401自科库 6排4列2层/ [索取号:R163/J134] 在馆    
河南城建学院图书馆 欢迎您!
大连网信软件有限公司© 版权所有